American Criminal Law Review

Detalles Bibliográficos
Formato: eBook
Lenguaje:inglés
Publicado: Washington DC: Georgetown University Law Center, 2021 -
Materias:
Acceso en línea:Acceso restringido

MARC

LEADER 00000nam a22000007a 4500
005 20220906234630.0
007 cr|||| |||
008 220906c20219999us fr|w s|||| 0|||b1eng d
035 |a 37063 
040 |a vLex 
090 |c 13874  |d 13874 
245 0 0 |a American Criminal Law Review  |h [Recurso electrn̤ico] / 
256 |a Servicio en ln̕ea 
260 |a Washington DC:  |b Georgetown University Law Center,  |c 2021 - 
300 |a 1 recurso electrn̤ico 
310 |a Semestral 
506 1 |a Disponible solo en los productos indicados  |d vLex Global  |d vLex Global (Academic Edition, excluding Law Schools)  |d vLex Global (Academic Edition, Law Schools) 
650 0 4 |a Derecho Penal  |z Estados Unidos 
740 0 |a vLex Revistas (Servicio en ln̕ea) 
856 4 0 |u https://app.vlex.com/#/sources/37063  |z Acceso restringido 
942 |c REV 
999 0 |a Criminal law